Cristo en la tradición cristiana: desde el tiempo apostólico hasta el Concilio de Caldedonia 451
Kaydedildi:
| Yazar: | |
|---|---|
| Materyal Türü: | Kitap |
| Dil: | İspanyolca |
| Baskı/Yayın Bilgisi: |
Salamanca
Ediciones Sígueme
1997
|
| Edisyon: | 1a. ed |
| Seri Bilgileri: | Verdad e Imagen, 143
|
| Konular: | |
| Etiketler: |
Etiketle
Etiket eklenmemiş, İlk siz ekleyin!
|
MARC
| LEADER | 00000cam a2200000 a 4500 | ||
|---|---|---|---|
| 001 | UCE1454 | ||
| 003 | CL-VaPUC | ||
| 008 | 140414e19970000sp |||||||||||||||||spa|d | ||
| 020 | |a 8430113274 | ||
| 082 | 0 | 4 | |a 232 |b GRI |2 21 |
| 100 | |a Grillmeier, Alois |e author |9 573755 | ||
| 245 | 1 | 0 | |a Cristo en la tradición cristiana: desde el tiempo apostólico hasta el Concilio de Caldedonia 451 |
| 250 | |a 1a. ed | ||
| 300 | |a 930 p | ||
| 942 | |c BK | ||
| 945 | |d 20140414 |a dcastane | ||
| 260 | |a Salamanca |b Ediciones Sígueme |c 1997 | ||
| 650 | 0 | |a Cristología |9 315091 | |
| 650 | 0 | |a Vida de Jesús |9 478097 | |
| 650 | 0 | |a Cristianismo |9 257361 | |
| 583 | |a last modification |c 20150622 03:49:05 |k Rodrigo Vera | ||
| 490 | 0 | |a Verdad e Imagen, 143 | |
| 999 | |c 355235 |d 355233 | ||
| 952 | |0 0 |1 0 |3 erb |4 0 |6 232_000000000000000_GRI_1997 |7 0 |8 A |9 461786 |a BIBTEO |b BIBTEO |i 5068010 |l 1 |m 1 |o 232 GRI 1997 |p 5068010 |r 2025-01-17 |s 2023-12-12 |w 2019-11-23 |y BK |z Catalogado en:20140414 |k ICR | ||
| 952 | |0 0 |1 0 |3 erb |4 0 |6 232_000000000000000_GRI_1997 |7 0 |8 A |9 461787 |a BIBTEO |b BIBTEO |e Casale Rolle, Carlos Ignacio, -2014 |i 5182220 |o 232 GRI 1997 |p 5182220 |r 2025-01-17 |w 2019-11-23 |y BK |z Catalogado en:20150605 |k ICR | ||